Statistiques concernant Pays par frontières n°3

Cliquez ici pour prendre le quiz!

Statistiques générales

  • Ce quiz a été pris 3,685 fois
  • Le résultat moyen est 14 sur 20

Statistiques - réponses

frontières terrestres pays % Correct
Chine, RussieMongolie
96%
Mauritanie, Espagne, AlgérieMaroc
88%
Russie, Finlande, SuèdeNorvège
86%
ItalieVatican
86%
Chine, IndeNépal
85%
ItalieSaint-Marin
82%
Guyana, Brésil, FranceSuriname
81%
Brésil, Argentine, BolivieParaguay
80%
Arabie saoudite, OmanYémen
75%
Italie, Autriche, Hongrie, CroatieSlovénie
74%
Soudan, Djibouti, ÉthiopieÉrythrée
73%
Roumanie, UkraineMoldavie
70%
Chine, IndeBhoutan
70%
Honduras, GuatemalaSalvador
64%
Afrique du Sud, MozambiqueEswatini
63%
IndonésieTimor oriental
57%
Arabie saoudite, OmanÉmirats arabes unis
57%
IndonésiePapouasie-Nouvelle-
Guinée
56%
Zambie, Tanzanie, MozambiqueMalawi
46%
Cameroun, GabonGuinée équatoriale
46%

Distribution des résultats

Percentile by Number Answered

% des personnes avec chaque résultat

Votre développement - résultats

Vous n’avez pas pris ce quiz